<?xml version="1.0" encoding="UTF-8"?><?xml-stylesheet type="text/xsl" href="static/style.xsl"?><OAI-PMH xmlns="http://www.openarchives.org/OAI/2.0/" xmlns:xsi="http://www.w3.org/2001/XMLSchema-instance" xsi:schemaLocation="http://www.openarchives.org/OAI/2.0/ http://www.openarchives.org/OAI/2.0/OAI-PMH.xsd"><responseDate>2026-04-19T09:50:00Z</responseDate><request verb="GetRecord" identifier="oai:www.recercat.cat:2117/173867" metadataPrefix="marc">https://recercat.cat/oai/request</request><GetRecord><record><header><identifier>oai:recercat.cat:2117/173867</identifier><datestamp>2025-07-23T06:47:45Z</datestamp><setSpec>com_2072_1033</setSpec><setSpec>col_2072_452951</setSpec></header><metadata><record xmlns="http://www.loc.gov/MARC21/slim" xmlns:dcterms="http://purl.org/dc/terms/" xmlns:xsi="http://www.w3.org/2001/XMLSchema-instance" xmlns:doc="http://www.lyncode.com/xoai" xsi:schemaLocation="http://www.loc.gov/MARC21/slim http://www.loc.gov/standards/marcxml/schema/MARC21slim.xsd">
   <leader>00925njm 22002777a 4500</leader>
   <datafield ind2=" " ind1=" " tag="042">
      <subfield code="a">dc</subfield>
   </datafield>
   <datafield ind2=" " ind1=" " tag="720">
      <subfield code="a">Martin Rodriguez, Maria Luisa</subfield>
      <subfield code="e">author</subfield>
   </datafield>
   <datafield ind2=" " ind1=" " tag="260">
      <subfield code="c">2019-10-08</subfield>
   </datafield>
   <datafield ind2=" " ind1=" " tag="520">
      <subfield code="a">Resumen: La competencia en alfabetización visual (AV) es esencial para todo estudiante que quiera o precise una comunicación visual efectiva. Pero el aprendizaje de la AV no es tarea fácil para los estudiantes. La teoría y la práctica son extensas, y pueden resultar complejas y tediosas para los alumnos. ¿Cómo podrían los docentes ayudar al alumnado a que comprendan de una manera más sencilla y motivadora la multidisciplinariedad de la que la AV? Hasta el momento no hay estudios que utilicen la gamificación para el aprendizaje de la AV aplicados en estudios superiores. Este estudio ha comprobado que en los alumnos de Formación Profesional de Imagen y Sonido la utilización de la metodología de gamificación en el aprendizaje de las bases de la AV ha resultado ser beneficiosa. Para ello se dividieron los alumnos en dos grupos, en uno se aplicó la metodología tradicional de clase magistral y en el otro se diseñaron actividades gamificadas. Posteriormente, se compararon las notas de ambos grupos y se comprobó que el grupo dónde se introdujeron elementos lúdicos en el aula, no sólo obtuvieron mejores notas, si no que afirmaron sentirse más motivados durante el aprendizaje de la alfabetización visual.</subfield>
   </datafield>
   <datafield tag="653" ind2=" " ind1=" ">
      <subfield code="a">Àrees temàtiques de la UPC::Ensenyament i aprenentatge::Ensenyament secundari</subfield>
   </datafield>
   <datafield tag="653" ind2=" " ind1=" ">
      <subfield code="a">Gamification -- Vocational education</subfield>
   </datafield>
   <datafield tag="653" ind2=" " ind1=" ">
      <subfield code="a">Visual communication</subfield>
   </datafield>
   <datafield tag="653" ind2=" " ind1=" ">
      <subfield code="a">alfabetización visual</subfield>
   </datafield>
   <datafield tag="653" ind2=" " ind1=" ">
      <subfield code="a">gamificación</subfield>
   </datafield>
   <datafield tag="653" ind2=" " ind1=" ">
      <subfield code="a">imagen y sonido</subfield>
   </datafield>
   <datafield tag="653" ind2=" " ind1=" ">
      <subfield code="a">sintaxis de la imagen</subfield>
   </datafield>
   <datafield tag="653" ind2=" " ind1=" ">
      <subfield code="a">comunicación visual.</subfield>
   </datafield>
   <datafield tag="653" ind2=" " ind1=" ">
      <subfield code="a">visual literacy</subfield>
   </datafield>
   <datafield tag="653" ind2=" " ind1=" ">
      <subfield code="a">gamification</subfield>
   </datafield>
   <datafield tag="653" ind2=" " ind1=" ">
      <subfield code="a">image and sound</subfield>
   </datafield>
   <datafield tag="653" ind2=" " ind1=" ">
      <subfield code="a">image syntax</subfield>
   </datafield>
   <datafield tag="653" ind2=" " ind1=" ">
      <subfield code="a">visual communication.</subfield>
   </datafield>
   <datafield tag="653" ind2=" " ind1=" ">
      <subfield code="a">Ludificació -- Formació professional</subfield>
   </datafield>
   <datafield tag="653" ind2=" " ind1=" ">
      <subfield code="a">Comunicació visual</subfield>
   </datafield>
   <datafield ind2="0" ind1="0" tag="245">
      <subfield code="a">La gamificación aplicada a la alfabetización visual en el Ciclo Formativo de Grado Medio de Imagen y Sonido</subfield>
   </datafield>
</record></metadata></record></GetRecord></OAI-PMH>